Normal view
MARC view
- Farrisi, Theresa Rodriguez,
Entry Personal Name
001 - CONTROL NUMBER
- control field: 7477
003 - CONTROL NUMBER IDENTIFIER
- control field: NUST
005 - DATE AND TIME OF LATEST TRANSACTION
- control field: 20171220092417.0
008 - FIXED-LENGTH DATA ELEMENTS
- fixed length control field: 171220|| aca||aabn | a|a d
040 ## - CATALOGING SOURCE
- Original cataloging agency: NUST
- Transcribing agency: NUST
100 ## - HEADING--PERSONAL NAME
- Personal name: Farrisi, Theresa Rodriguez,
- Dates associated with a name: 1962-
670 ## - SOURCE DATA FOUND
- Source citation: Work cat.: (NUST)0: Farrisi, Theresa Rodriguez, 1962-, Diaper changes :, 1997.
